00841 2200301 4500001002100000005001500021035002000036007000300056008004100059020002200100040001700122082001400139084001600153090001900169100002400188245007900212250002600291260004000317300004500357650001600402700001400418850001200432041000800444504003300452990001800485990001800503990001800521INLIS00000000081687320180917032048 a0010-0918000310ta180912s2017 yoia g ind d a979-602-1624-15-9 aYOPDYOGbind04223a635.8 a635.8 TIT p aPK 635.8 TIT p0 aTiti Moslem,d1990-1 aPanduan lengkap budidaya jamur tiram /cTiti Moslem; penyunting, Tristanti aCetakan pertama, 2017 aYogyakarta :bZahara Pustaka,c2017 a116 halaman :bilustrasi, tabel ;c21 cm 4aJamur tiram0 aTristanti aYOPDYOG0 aind aBibliografi: halaman 114-115 a37564-PD/B.18 a37565-PD/B.18 a37566-PD/B.18